00828nam a2200181 a 4500008004100000020001800041050001800059100001600077245008100093250001600174260006400190300003400254350001000288650001600298995017800314999001700492952013700509191128s2012 ||||||||||||||||| || u a9789350258910 aRK 55. C5 Rao aRao, Arathi10aPrinciples and practice of pedodontics (third edition)cEdited by Arathi Rao a3rd edition aNew DelhibJaypee Brothers Medical Publishers (P) Ltdc2012 axx, 508 pages : illustrations a36.84 aPEDADONTICS aMEDICAL LIBRARY OPEN ACCESSe904494FCBU-SCHOOL OF MEDICINE LIBRARY (Ndola)I36.84jRK 55. C5 RaoM1UAVAILABLEWDec 13, 2019y904494ZMedical Library Open Access Collection c32491d32491 00102lcc4070a002b002cMedical Library Open Access Collectiond2022-11-30l0oRK 55. C5 Raop904494r2022-11-30w2022-11-30y002